Fiction of St Stephens (Record no. 114401)

MARC details
000 -LEADER
fixed length control field 00610nam a2200229Ia 4500
003 - CONTROL NUMBER IDENTIFIER
control field OSt
005 - DATE AND TIME OF LATEST TRANSACTION
control field 20251210100642.0
008 - FIXED-LENGTH DATA ELEMENTS--GENERAL INFORMATION
fixed length control field 210210b xxu||||| |||| 00| 0 eng d
020 ## - INTERNATIONAL STANDARD BOOK NUMBER
International Standard Book Number 8175300302
040 ## - CATALOGING SOURCE
Transcribing agency AL
041 ## - LANGUAGE CODE
Language code of text/sound track or separate title eng
082 ## - DEWEY DECIMAL CLASSIFICATION NUMBER
Classification number 820.309 BHAF
100 ## - MAIN ENTRY--PERSONAL NAME
Personal name Bhattacharjea Aditya
9 (RLIN) 248586
245 ## - TITLE STATEMENT
Title Fiction of St Stephens
260 ## - PUBLICATION, DISTRIBUTION, ETC.
Place of publication, distribution, etc. ND
Name of publisher, distributor, etc. Ravi Dayal Publisher
300 ## - PHYSICAL DESCRIPTION
Extent xxvii,229p
650 ## - SUBJECT ADDED ENTRY--TOPICAL TERM
Topical term or geographic name entry element Indian English Fiction Criticism St. Stephens
9 (RLIN) 248587
690 ## - LOCAL SUBJECT ADDED ENTRY--TOPICAL TERM (OCLC, RLIN)
Topical term or geographic name as entry element Indian English Criticism
9 (RLIN) 248588
700 ## - ADDED ENTRY--PERSONAL NAME
Personal name Chatterjee, Lola Ed
9 (RLIN) 248589
906 ## - LOCAL DATA ELEMENT F, LDF (RLIN)
a SG03734
942 ## - ADDED ENTRY ELEMENTS (KOHA)
Source of classification or shelving scheme Dewey Decimal Classification
Koha item type Book
Holdings
Withdrawn status Lost status Source of classification or shelving scheme Damaged status Not for loan Collection code Home library Current library Date acquired Source of acquisition Cost, normal purchase price Total Checkouts Full call number Barcode Date last seen Price effective from Koha item type
    Dewey Decimal Classification     English St Aloysius Library St Aloysius Library 02/17/2021 Sita Book House, Mangalore. 450.00   820.309 BHAF SG03734 02/17/2021 02/17/2021 Special Grants